000 00562nam a2200193Ia 4500
005 20250822124910.0
008 008 250516s9999 xx 000 0 hin d
020 _a9789395276313
040 _beng
_cSDCL
041 _ahin
_2hin
084 _aR2 R4
100 _aPandey
245 0 _aAagamon ka Alankar Shastriya Adhyayan
246 _aआगमों का अलंकार:
_bशास्त्रीय अध्ययन
260 _aVaranasi:
_bPrachya Vidya Bhawan,
_c2024.
300 _a224p.
650 _aSanskrit
942 _cTEXL
_2CC
999 _c1430853
_d1430853